Employee Turnover

Dôležitosť a formy fluktuácie zamestnancov. Negatívne vplyvy a príčiny fluktuácie. Náklady na fluktuáciu. Analýza fluktuácie na príklade v skúmanej spoločnosti.

Gespeichert in:
Bibliographische Detailangaben
1. Verfasser: Mihalčová, Bohuslava, 1963-
Weitere Verfasser: Pružinský, Michal, 1952-
Format: Buchkapitel
Sprache:Englisch
Schlagworte:
Tags: Tag hinzufügen
Keine Tags, Fügen Sie das erste Tag hinzu!

MARC

LEADER 00000naa$a2200000$$$4500
001 0267900
005 20240502074213.4
041 0 |a eng 
044 |a SK 
245 1 0 |a Employee Turnover  |c Bohuslava Mihalčová, Michal Pružinský 
520 |a Dôležitosť a formy fluktuácie zamestnancov. Negatívne vplyvy a príčiny fluktuácie. Náklady na fluktuáciu. Analýza fluktuácie na príklade v skúmanej spoločnosti. 
610 2 0 |a obrat peňažný 
610 2 0 |a zamestnanci 
610 2 0 |a odmeny 
610 2 0 |a zdroje ľudské 
100 1 |a Mihalčová, Bohuslava, 1963- 
700 1 |a Pružinský, Michal, 1952-